| 000 | 00000nam 2200000za 4500 |
| 001 | 9.840357 |
| 003 | CaOODSP |
| 005 | 20221107151825 |
| 007 | cr ||||||||||| |
| 008 | 170726q2015 onc |o f|0| 0 eng d |
| 040 | |aCaOODSP|beng |
| 043 | |an-cn--- |
| 086 | 1 |aH164-214/2015E-PDF |
| 245 | 00|aLabel savvy ways to eat better meals |h[electronic resource]. |
| 260 | |a[Ottawa?] : |bHealth Canada, |c[2015?] |
| 300 | |a[1] p. |
| 500 | |aIssued also in French under title: Mangez de meilleurs plats en apprenant à lire les étiquettes. |
| 500 | |aCaption title. |
| 692 | 07|2gccst|aFood labelling |
| 710 | 1 |aCanada. |bHealth Canada. |
| 775 | 08|tMangez de meilleurs plats en apprenant à lire les étiquettes |w(CaOODSP)9.840359 |
| 856 | 40|qPDF|s430 KB|uhttps://publications.gc.ca/collections/collection_2017/sc-hc/H164-214-2015-eng.pdf |